00605nam a2200157 a 450000100100000000500170001000800410002702000180006804000250008610000350011124501410014624600460028726000470033350400300038070000370041000004379620201002044955.0140501s2014 pn ac 000 0 spa d a9789962056607 aDO-SdBNPbspacBNPHU1 aDel Cid Felipe, José Alberto10aRúbrica Histórica e Iconografía sobre el 9 de Enero de 1964. /cJosé Alberto Del Cid Felipe; prólogo Marcos Ramírez Gómez.12aIconografía sobre el 9 de enero de 1964 aPanama, :bUniversidad de Panamá,c2014. aBibliografía p: 123-12412aRamírez Gómez, Marcoseprol.